Risk in the Context of the Audit Profession
Audit ako nástroj nielen účinnej kontroly, ale aj významný nástroj riadenia rizík, fúzií a akvizícií, technologických procesov a vývoja nových výrobkov či procesov. Riziko v kontexte auditu. Poznanie účtovnej jednotky a jej interných procesov. Riziká významnej nesprávnosti ako základ výkonu audítors...
Na minha lista:
| Autor principal: | |
|---|---|
| Formato: | Capítulo de Livro |
| Idioma: | eslovaco |
| Assuntos: | |
| Tags: |
Sem tags, seja o primeiro a adicionar uma tag!
|
MARC
| LEADER | 00000naa$a2200000$$$4500 | ||
|---|---|---|---|
| 001 | 0258569 | ||
| 005 | 20240502074107.4 | ||
| 041 | 0 | |a slo | |
| 044 | |a SK | ||
| 245 | 1 | 0 | |a Risk in the Context of the Audit Profession |c Veronika Kňažková |
| 520 | |a Audit ako nástroj nielen účinnej kontroly, ale aj významný nástroj riadenia rizík, fúzií a akvizícií, technologických procesov a vývoja nových výrobkov či procesov. Riziko v kontexte auditu. Poznanie účtovnej jednotky a jej interných procesov. Riziká významnej nesprávnosti ako základ výkonu audítorských postupov. Reakcia audítora na riziká významných nesprávností. Dokumentácia audítora s akcentom na riziká významných nesprávností. | ||
| 610 | 2 | 0 | |a audit |
| 610 | 2 | 0 | |a audítori |
| 610 | 2 | 0 | |a závierka účtovná |
| 610 | 2 | 0 | |a riziko |
| 100 | 1 | |a Kňažková, Veronika, 1986- | |